LEADER 00554cam0-2200229 --450 001 9910348756203321 005 20191126105531.0 100 $a20191126d1954----km y0itay50 ----ba 101 0 $aeng 102 $aGB 200 1 $aCycling speed tables 205 $a[2nd ed.] 210 $aLondon$cTemple Press$d[1954] 215 $a96 p.$d19 cm 610 0 $aCiclismo 801 0$aIT$bUNINA$gRICA$2UNIMARC 901 $aBK 912 $a9910348756203321 952 $aK/11$b191$fDINTR 959 $aDINTR 996 $aCycling speed tables$91566412 997 $aUNINA